Zarządcze determinanty funkcjonowania podmiotów gospodarczych

Na minha lista:
Detalhes bibliográficos
Autor Corporativo: Politechnika Lubelska
Outros Autores: Miszczuk, Magdalena, Sosińska-Wit, Małgorzata, Rydzewski, Paweł, Skowron, Łukasz
Formato: Livro
Idioma:polonês
inglês
Publicado em: Lublin Wydawnictwo Politechniki Lubelskiej 2019
Edição:1. edycja
Colecção:Monografie – Politechnika Lubelska
Assuntos:
Tags: Adicionar Tag
Sem tags, seja o primeiro a adicionar uma tag!

MARC

LEADER 00000nlm a2200000 4500
001 0257101
005 20240826114437.8
020 |a 978-83-7947-368-7 
041 0 |a pol 
041 0 |a eng 
044 |a PL 
245 1 0 |a Zarządcze determinanty funkcjonowania podmiotów gospodarczych  |c redakcja: Magdalena Miszczuk, Małgorzata Sosińska-Wit ; recenzenci: Paweł Rydzewski, Łukasz Skowron 
250 |a 1. edycja 
264 1 |a Lublin  |b Wydawnictwo Politechniki Lubelskiej  |c 2019 
300 |a online 115 s. 
490 1 |a Monografie – Politechnika Lubelska 
830 0 |a Monografie – Politechnika Lubelska 
610 2 0 |a podnik 
610 2 0 |a riadenie podnikové 
610 2 0 |a riadenie finančné 
610 2 0 |a podnik malý 
610 2 0 |a podnik stredný 
610 2 0 |a riadenie výroby 
610 2 0 |a kvalita 
610 2 0 |a efektívnosť podnikania 
610 2 0 |a oceňovanie 
610 2 0 |a podnik komunálny 
610 2 0 |a lízing 
610 2 0 |a rozvoj podniku 
610 2 0 |a rozvoj regionálny 
700 1 |a Miszczuk, Magdalena 
700 1 |a Sosińska-Wit, Małgorzata 
700 1 |a Rydzewski, Paweł 
700 1 |a Skowron, Łukasz 
710 2 |a Politechnika Lubelska